000 01840nam2a2200241 4500
001 RU\NLR\BIBL_A\022793867
005 20260527142850.0
010 _a978-5-9704-9684-8
_bт. 1
_93000
035 _a(NLR Aleph) 022793867
090 _a13699207
_c13699207
100 _a20260423d2026 km y0rusy50 ca
101 0 _arus
102 _aRU
105 _aa j 001yy
200 1 _aОбщие вопросы
210 _d2026
215 _a600 с., [4] л. цв. ил.
_cил., табл.
320 _aПредм. указ.: с. 596-600
461 0 _1001RU\NLR\BIBL_A\022793860
_12001#$aМедицинская токсикология$eнациональное руководство$eв двух томах$f[Бадалян Амаяк Вазгенович - доктор медицинских наук, доцент, Белова Мария Владимировна - доктор биологических наук, профессор, Бердников Геннадий Анатольевич - кандидат медицинских наук и др.]$gпод редакцией Ю. С. Гольдфарба [и др.]$vТ. 1
_913709475
_cМосква
_d2026 (печ. 2025)
_e2-е изд., перераб. и доп.
_f[Бадалян Амаяк Вазгенович - доктор медицинских наук, доцент, Белова Мария Владимировна - доктор биологических наук, профессор, Бердников Геннадий Анатольевич - кандидат медицинских наук и др.]
_nГЭОТАР-Медиа
_oнациональное руководство : в двух томах
_tМедицинская токсикология
_y978-5-9704-9686-2
_vТ. 1
942 _cBOOK
980 _aNB